| 000 | 00662nam a2200229Ia 4500 | ||
|---|---|---|---|
| 003 | GCL | ||
| 008 | 140319s9999 xx 000 0 ara d | ||
| 040 |
_aGCL / _cGCL |
||
| 082 | 0 | 4 |
_a658 _bأ ح |
| 100 | 1 | _aالسيد ابو النجا | |
| 245 | 1 | 0 |
_aحرفة الادارة / _cالسيد ابو النجا |
| 260 |
_a[S.N] : _bالمكتب المصرى الحديث ، _c1986 |
||
| 300 | _a159 ص | ||
| 490 | _a | ||
| 650 | 0 | 4 | _aالادارة |
| 650 | 0 | 4 | _aالتسويق |
| 650 | 0 | 4 | _aادارة الانتاج |
| 650 | 0 | 4 | _aتعليم وتدريس |
| 650 | 0 | 4 | _aادارة الافراد |
| 650 | 0 | 4 | _aتقييم الاداء |
| 942 |
_2ddc _cBK |
||
| 999 |
_c36058 _d36058 |
||